| 000 -LEADER |
| fixed length control field |
00917nam a22002297a 4500 |
| 005 - DATE AND TIME OF LATEST TRANSACTION |
| control field |
20240208121657.0 |
| 008 - FIXED-LENGTH DATA ELEMENTS--GENERAL INFORMATION |
| fixed length control field |
240208b ||||| |||| 00| 0 eng d |
| 020 ## - INTERNATIONAL STANDARD BOOK NUMBER |
| International Standard Book Number |
9781788001649 |
| 040 ## - CATALOGING SOURCE |
| Transcribing agency |
KH8 |
| 082 ## - DEWEY DECIMAL CLASSIFICATION NUMBER |
| Classification number |
823.92 SKY |
| 100 ## - MAIN ENTRY--PERSONAL NAME |
| Personal name |
Sykes,Julie |
| Relator term |
Author |
| 245 ## - TITLE STATEMENT |
| Title |
Isabel and cloud |
| Statement of responsibility, etc. |
Julie Sykes |
| 260 ## - PUBLICATION, DISTRIBUTION, ETC. |
| Place of publication, distribution, etc. |
London, |
| Name of publisher, distributor, etc. |
Nosy Crow, |
| Date of publication, distribution, etc. |
2018 |
| 300 ## - PHYSICAL DESCRIPTION |
| Extent |
106 pages : |
| Other physical details |
illustrations ; |
| Dimensions |
20 cm |
| 440 ## - SERIES STATEMENT/ADDED ENTRY--TITLE |
| Title |
Unicorn Academy |
| Volume/sequential designation |
book 4 |
| 520 ## - SUMMARY, ETC. |
| Summary, etc. |
"Isabel loves racing around Unicorn Academy with her wonderful unicorn, Cloud. She can't wait for him to discover his magical power! Someone has cast a bad spell on Sparkle Lake. Isabel and Cloud will have to learn to trust each other as they go on a dangerous adventure to save the school ..."--Back cover |
| 650 ## - SUBJECT ADDED ENTRY--TOPICAL TERM |
| Topical term or geographic name entry element |
Children's stories |
| 650 ## - SUBJECT ADDED ENTRY--TOPICAL TERM |
| Topical term or geographic name entry element |
Fantasy fiction |
| 650 ## - SUBJECT ADDED ENTRY--TOPICAL TERM |
| Topical term or geographic name entry element |
Fiction |
| 700 ## - ADDED ENTRY--PERSONAL NAME |
| Personal name |
Lucy Truman |
| Relator term |
Illustrator |
| 942 ## - ADDED ENTRY ELEMENTS (KOHA) |
| Source of classification or shelving scheme |
|
| Koha item type |
Books - Fiction |